| 000 | 00390 a2200169 4500 | ||
|---|---|---|---|
| 001 | 70788 | ||
| 020 | _a8574881678 | ||
| 040 | _cAnchieta - Itaigara | ||
| 100 | _aÍñigo, Taida | ||
| 240 | 1 | 0 |
_aQuando será? _lpor |
| 245 | 1 | 0 | _aQuando será? |
| 300 | _a133 | ||
| 362 | 0 | _a0 | |
| 440 | 1 | _aGirassol | |
| 650 | 4 | _aEnciclopédias gerais (almanaques,anuários enciclopédicos | |
| 942 | _cBK | ||
| 999 |
_c70788 _d70788 |
||